[Event "ASEAN-ch U20 Girls 14th"]
[Site "Chiangmai"]
[Date "2013.06.13"]
[Round "9"]
[White "Yuliana, Sentosa"]
[Black "Karenza, Dita"]
[Result "1-0"]
[WhiteElo "1756"]
[BlackElo "1908"]
[PlyCount "141"]
[EventDate "2013.06.08"]
[EventType "swiss"]
[EventRounds "9"]
[EventCountry "THA"]
[SourceTitle "EXT 2014"]
[Source "ChessBase"]
[SourceDate "2013.11.20"]
[SourceVersion "1"]
[SourceVersionDate "2013.11.20"]
[SourceQuality "1"]

1. e4 c5 2. Nf3 Nc6 3. d4 cxd4 4. Nxd4 g6 5. Be2 Nf6 6. Nc3 d6 7. Be3 Bg7 8. 0-0 0-0 9. Nb3 Ne5 10. h3 Be6 11. Nd4 Bc4 12. f4 Bxe2 13. Qxe2 Nc6 14. Rad1 Qa5 15. Nb3 Qc7 16. a3 a6 17. Qf2 b5 18. Rfe1 Qb7 19. Qf3 Qc7 20. Re2 b4 21. Nd5 Nxd5 22. exd5 Na7 23. axb4 Bxb2 24. Bd4 Bxd4+ 25. Nxd4 Rab8 26. c3 Rfc8 27. Re3 a5 28. bxa5 Qxa5 29. f5 Rc5 30. Nb3 Qb6 31. Nxc5 Qxc5 32. Rde1 Nb5 33. Kh2 Nc7 34. Rd3 e6 35. f6 Nxd5 36. Rf1 Rc8 37. Qg3 Qc4 38. Rdf3 h6 39. Qxd6 Qe4 40. Qg3 Re8 41. Re1 Qc2 42. Ra1 e5 43. Qh4 Qd2 44. Qa4 Rf8 45. Qc6 Ne3 46. Rg3 Qf2 47. Qf3 Qb2 48. Ra8 Nf1+ 49. Kg1 Qb6+ 50. Kxf1 Qb1+ 51. Kf2 Qb6+ 52. Qe3 Qxe3+ 53. Kxe3 Rxa8 54. Ke4 Ra6 55. Rf3 Re6 56. c4 Kf8 57. g4 Ke8 58. h4 Kd7 59. g5 hxg5 60. hxg5 Kc6 61. Ra3 Kd7 62. Ra7+ Ke8 63. Ra8+ Kd7 64. Rf8 Rc6 65. Kd5 Rd6+ 66. Kxe5 Re6+ 67. Kd5 Rd6+ 68. Kc5 Rc6+ 69. Kb4 Re6 70. Rxf7+ Kc8 71. Re7 1-0

[Event "ASEAN-ch U20 Girls 14th"]
[Site "Chiangmai"]
[Date "2013.06.08"]
[Round "1"]
[White "Doan Thi Van, Anh"]
[Black "Yuliana, Sentosa"]
[Result "0-1"]
[WhiteElo "2000"]
[BlackElo "1756"]
[PlyCount "76"]
[EventDate "2013.06.08"]
[EventType "swiss"]
[EventRounds "9"]
[EventCountry "THA"]
[SourceTitle "EXT 2014"]
[Source "ChessBase"]
[SourceDate "2013.11.20"]
[SourceVersion "1"]
[SourceVersionDate "2013.11.20"]
[SourceQuality "1"]

1. d4 Nf6 2. Nf3 d6 3. Bf4 g6 4. Qc1 Bg7 5. Bh6 0-0 6. h4 Bxh6 7. Qxh6 Ng4 8. Qd2 h5 9. Nc3 Kg7 10. Nh2 Nf6 11. 0-0-0 c6 12. f3 b5 13. e3 Be6 14. Be2 Qa5 15. b3 Nbd7 16. Kb2 Nb6 17. g4 b4 18. Nb1 hxg4 19. Nxg4 Bxg4 20. fxg4 Ne4 21. Qe1 Nd5 22. a3 Nec3 23. a4 Nxd1+ 24. Bxd1 Rh8 25. e4 Nc7 26. h5 Ne6 27. hxg6 fxg6 28. Rf1 Raf8 29. Rxf8 Rxf8 30. Nd2 Nxd4 31. Nc4 Qc5 32. e5 d5 33. Ne3 Nf3 34. Qf2 Qc3+ 35. Ka2 Nxe5 36. Qg3 Qd4 37. Be2 Qf4 38. Qxf4 Rxf4 0-1